STN ISO 3297 (01 0187) informácie a dokumentácia
Guardado en:
| Formato: | Libro |
|---|---|
| Lenguaje: | checo |
| Publicado: |
Bratislava
Slovenský ústav technickej normalizácie
2001
|
| Materias: | |
| Etiquetas: |
Sin Etiquetas, Sea el primero en etiquetar este registro!
|
MARC
| LEADER | 00000nam$a2200000$$$4500 | ||
|---|---|---|---|
| 001 | 0049113 | ||
| 005 | 20240104103224.3 | ||
| 041 | 0 | |a cze | |
| 044 | |a SK | ||
| 245 | 1 | 0 | |a STN ISO 3297 (01 0187) |b informácie a dokumentácia |
| 264 | 1 | |a Bratislava |b Slovenský ústav technickej normalizácie |c 2001 | |
| 300 | |a 10 s. | ||
| 500 | |a Norma obsahuje ISO 3297: 1998 v českom jazyku so súhlasom ČSNI. | ||
| 610 | 2 | 0 | |a normalizácia |
| 610 | 2 | 0 | |a normy ISO |
| 610 | 2 | 0 | |a ISSN |
| 610 | 2 | 0 | |a ISO 3297 |
| 610 | 2 | 0 | |a STN 01 0187 |